Analytical and Experimental Modal Analysis (Record no. 8012)

MARC details
000 -LEADER
fixed length control field 01961 a2200193 4500
005 - DATE AND TIME OF LATEST TRANSACTION
control field 20260205174235.0
008 - FIXED-LENGTH DATA ELEMENTS--GENERAL INFORMATION
fixed length control field 260205b |||||||| |||| 00| 0 eng d
020 ## - INTERNATIONAL STANDARD BOOK NUMBER
ISBN 9781138318151
082 ## - DEWEY DECIMAL CLASSIFICATION NUMBER
Classification number 620.3
Item number SubA
100 ## - MAIN ENTRY--AUTHOR NAME
Personal name Modak, Subod L V
245 ## - TITLE STATEMENT
Title Analytical and Experimental Modal Analysis
Statement of responsibility, etc by Subodh V. Modak
260 ## - PUBLICATION, DISTRIBUTION, ETC. (IMPRINT)
Place of publication Boca Raton:
Name of publisher CRC Press,
Year of publication ©2024.
300 ## - PHYSICAL DESCRIPTION
Number of Pages xxiii, 520 p.
520 ## - SUMMARY, ETC.
Summary, etc resent book is focused on dynamic design of structures and systems, requiring integration of the numerical modelling tools, experimental techniques of system identification and model updating. The topics of structural dynamic modelling using finite element method, principles of vibration control and system identification using modal testing and FE model updating are presented towards the goal of dynamic design. It gives a unified treatment to these domains in the context of dynamic design for better understanding and appreciation of effective and optimum utilization of the potential of individual techniques to achieve dynamically sound designs. Features: Brings all theoretical and experimental elements required for vibration and dynamic design in a unified way in one place. Shows link between different technologies that need to be employed for dynamic design. Focuses on experimental and numerical tools for dynamic design. Discusses elements required for theoretical and experimental modal testing. Understand the need and techniques of FE model correlation and updating and how it can yield more accurate and reliable predictions. This book is aimed at Senior undergraduates/graduates in structural dynamics; Mechanical, Aerospace, Automotive and Civil Engineering, vibration, modal analysis and testing, structural optimization for dynamic design, dynamic finite element analysis, vibration control and signal processing.
650 ## - SUBJECT ADDED ENTRY--TOPICAL TERM
Topical Term Modal analysis
650 ## - SUBJECT ADDED ENTRY--TOPICAL TERM
Topical Term Torsional vibration
650 ## - SUBJECT ADDED ENTRY--TOPICAL TERM
Topical Term Structural damping
942 ## - ADDED ENTRY ELEMENTS (KOHA)
Koha item type Books
Holdings
Withdrawn status Lost status Damaged status Collection code Home library Current library Shelving location Date acquired Source of acquisition Purchase Price Bill number Full call number Accession Number Copy number Print Price Bill Date/Price effective from Koha item type
      Mechanical Indian Institute of Technology Tirupati Indian Institute of Technology Tirupati General Stacks 05/02/2026 Shankar's Book Agency Pvt. Ltd. 12079.07 IN36463/25-26 620.3 SubA (12331) 12331 5 20165.40 05/02/2026 Books
      Mechanical Indian Institute of Technology Tirupati Indian Institute of Technology Tirupati General Stacks 05/02/2026 Shankar's Book Agency Pvt. Ltd. 12079.07 IN36463/25-26 620.3 SubA (12330) 12330 4 20165.40 05/02/2026 Books
      Mechanical Indian Institute of Technology Tirupati Indian Institute of Technology Tirupati General Stacks 05/02/2026 Shankar's Book Agency Pvt. Ltd. 12079.07 IN36463/25-26 620.3 SubA (12329) 12329 3 20165.40 05/02/2026 Books
      Mechanical Indian Institute of Technology Tirupati Indian Institute of Technology Tirupati General Stacks 05/02/2026 Shankar's Book Agency Pvt. Ltd. 12079.07 IN36463/25-26 REF 620.3 SubA (12327) 12327 1 20165.40 05/02/2026 Books
      Mechanical Indian Institute of Technology Tirupati Indian Institute of Technology Tirupati General Stacks 05/02/2026 Shankar's Book Agency Pvt. Ltd. 12079.07 IN36463/25-26 620.3 SubA (12328) 12328 2 20165.40 05/02/2026 Books